Statistics for SWGOH characters and ships

Click here to take the quiz!

General Stats

  • This quiz has been taken 11 times
    (4 since last reset)
  • The average score is 77 of 293

Answer Stats

Answer% Correct
Boba Fett
100%
Han Solo
100%
0-0-0
67%
Admiral Ackbar
67%
Admiral Piett
67%
Asajj Ventress
67%
B1 Battle Droid
67%
B2 Battle Droid
67%
Baze Malibus
67%
BB-8
67%
Bossk
67%
C-3PO
67%
Cad Bane
67%
Captain Rex
67%
Cassian Andor
67%
Chewbacca
67%
Chief Chirpa
67%
Chopper
67%
Commander Cody
67%
Count Dooku
67%
Darth Vader
67%
Droideka
67%
Emperor Palpatine
67%
Ewok Scout
67%
Ezra Bridger
67%
First Order Officer
67%
General Grievous
67%
General Hux
67%
Grand Master Yoda
67%
Grand Moff Tarkin
67%
IG-11
67%
IG-88
67%
Jabba
67%
Lando Calrissian
67%
Lobot
67%
Mace Windu
67%
Maul
67%
Moff Gideon
67%
Mon Mothma
67%
Mother Talzin
67%
Obi-Wan Kenobi (Old Ben)
67%
Poggle The Lesser
67%
Princess Leia
67%
Qui-Gon Jinn
67%
R2-D2
67%
Rey
67%
Rose Tico
67%
Savage Opress
67%
Shaak Ti
67%
Slave 1
67%
Stormtrooper
67%
Sun Fac
67%
Talia
67%
The Mandalorian
67%
TIE/IN Interceptor Prototype
67%
Tusken Shaman
67%
Wampa
67%
Wicket
67%
Young Han Solo
67%
Admiral Raddus
33%
Ahsoka Tano
33%
Ahsoka Tano (Fulcrum)
33%
ARC Trooper
33%
Bastila Shan
33%
Bastila Shan (Fallen)
33%
Ben Solo
33%
Biggs Darklighter
33%
Bo-Katan Kryze
33%
Captain Phasma
33%
Cara Dune
33%
Chimaera
33%
Chirrut Imwe
33%
Clone Sergeant- Phase 1
33%
Clone Wars Chewbacca
33%
Colonal Starck
33%
Commander Ahsoka Tano
33%
Commander Luke Skywalker
33%
Coruscant Underworld Police
33%
Dark Trooper
33%
Darth Maul
33%
Darth Sidious
33%
Darth Talon
33%
Darth Traya
33%
Dash Rendar
33%
Death Trooper
33%
Dengar
33%
Echo
33%
Embo
33%
Ewok Elder
33%
Executor
33%
Finn
33%
First Order SF TIE Pilot
33%
First Order Stormtrooper
33%
First Order TIE Fighter
33%
First Order TIE Pilot
33%
Fives
33%
General Kenobi
33%
General Skywalker
33%
General Veers
33%
Geonosian Brood Alpha
33%
Geonosian Soldier
33%
Geonosian Soldier's Starfighter
33%
Geonosian Spy
33%
Geonosian Spy's Starfighter
33%
Grand Admiral Thrawn
33%
Greedo
33%
Greef Karga
33%
Hera Syndulla
33%
Hermit Yoda
33%
Home One
33%
Hunter
33%
IG-100 MagnaGuard
33%
IG-86 Sentinel Droid
33%
Ima-Gun-Di
33%
Jango Fett
33%
Jawa
33%
Jedi Knight Anakin
33%
Jedi Knight Luke Skywalker
33%
Jedi Knight Revan
33%
Jedi Master Luke Skywalker
33%
Jyn Erso
33%
K-2SO
33%
Kanan Jarrus
33%
Kit Fisto
33%
Kyle Katarn
33%
Kylo Ren
33%
Kylo Ren (Unmasked)
33%
Logray
33%
Lord Vader
33%
Luke Skywalker (Farmboy)
33%
Luminara Unduli
33%
Mob Enforcer
33%
Nightsister Acolyte
33%
Nightsister Initiate
33%
Nightsister Spirit
33%
Nightsister Zombie
33%
Nute Gunray
33%
Old Daka
33%
Omega
33%
Padme Amidala
33%
Paploo
33%
Plo Koon
33%
Poe Dameron
33%
Raddus
33%
Range Trooper
33%
Rebel Officer Leia Organa
33%
Resistance Pilot
33%
Rey (Jedi Training)
33%
Royal Guard
33%
Sabine Wren
33%
Sith Assassin
33%
Sith Empire Trooper
33%
Sith Eternal Emperor
33%
Sith Marauder
33%
Sith Trooper
33%
Skiff Guard (Lando Calrissian)
33%
Snowtrooper
33%
Starkiller
33%
Stormtrooper Han
33%
Supreme Leader Kylo Ren
33%
Tech
33%
Teebo
33%
The Mandalorian (Beskar Armor)
33%
Threepio & Chewie
33%
TIE Fighter Pilot
33%
Tusken Raider
33%
Wat Tambor
33%
Young Lando Calrissian
33%
Zeb
33%
50R-T
0%
Aayla secura
0%
Ahsoka Tano's Jedi Starfighter
0%
Amilyn Holdo
0%
Anakin's Eta-2 Starfighter
0%
Aurra Sing
0%
B-28 Extinction-class Bomber
0%
Barriss Offee
0%
Biggs Darklighter's X-wing
0%
Bistan
0%
Bistan's U-wing
0%
Boba Fett, Scion of Jango
0%
Bodhi Rook
0%
Boushh (Leia Organa)
0%
BT-1
0%
BTL-B Y-wing Starfighter
0%
Canderous Ordo
0%
Captain Han Solo
0%
Carth Onsai
0%
Cassian's U-wing
0%
Chief Nebit
0%
Clone Sergeant's ARC-170
0%
Darth Malak
0%
Darth Nihilus
0%
Darth Revan
0%
Darth Sion
0%
Dathcha
0%
Director Krennic
0%
Dr. Aphra
0%
Ebon Hawk
0%
Eeth Koth
0%
Eighth Brother
0%
Emperor's Shuttle
0%
Endurance
0%
Enfys Nest
0%
Executrix
0%
Fennec Shand
0%
Fifth Brother
0%
Finalizer
0%
First Order Executioner
0%
First Order SF TIE Fighter
0%
Gamorrean Guard
0%
Gar Saxon
0%
Gauntlet Starfighter
0%
Ghost
0%
Grand Inquisitor
0%
Han's Millennium Falcon
0%
HK-47
0%
Hondo Ohnaka
0%
Hoth Rebel Scout
0%
Hoth Rebel Soldier
0%
Hound's Tooth
0%
Hyena Bomber
0%
Iden Versio
0%
IG-2000
0%
Imperial Probe Droid
0%
Imperial TIE Bomber
0%
Imperial TIE Fighter
0%
Jawa Engineer
0%
Jawa Scavenger
0%
Jedi Consular
0%
Jedi Consular's Starfighter
0%
Jedi Knight Guardian
0%
Jolee Bindo
0%
Juhani
0%
Ki-Adi-Mundi
0%
Krrsantan
0%
Kuiil
0%
Kylo Ren's Command Shuttle
0%
L3-37
0%
Lando's Millenium Falcon
0%
Magmatrooper
0%
Malevolence
0%
Mara Jade, The Emperor's Hand
0%
Master Kenobi
0%
MG-100 StarFortress SF-17
0%
Mission Vao
0%
Negotiator
0%
Ninth Sister
0%
Outrider
0%
Pao
0%
Phantom ll
0%
Plo Koon's Jedi Starfighter
0%
Poe Dameron's X-wing
0%
Profundity
0%
Qi'ra
0%
Raven's Claw
0%
Razor Crest
0%
Rebel Y-wing
0%
Resistance Hero Finn
0%
Resistance Hero Poe
0%
Resistance Trooper
0%
Resistance X-wing
0%
Rex's ARC-170
0%
Rey (Scavenger)
0%
Rey's Millennium Falcon
0%
Scarif Rebel Pathfinder
0%
Scimitar
0%
Second Sister
0%
Seventh Sister
0%
Shoretrooper
0%
Sith Fighter
0%
Sun Fac's Geonosian Starfighter
0%
T3-M4
0%
The Armorer
0%
TIE Advanced x1
0%
TIE Echelon
0%
TIE Reaper
0%
TIE Silencer
0%
Ugnaught
0%
Umbaran Starfighter
0%
URoRRuR'R'R
0%
Vandor Chewbacca
0%
Veteran Smuggler Chewbacca
0%
Veteran Smuggler Han Solo
0%
Visas Marr
0%
Vulture Droid
0%
Wedge Antilles
0%
Wedge Antilles's X-wing
0%
Wrecker
0%
Xanadu Blood
0%
Zaalbar
0%
Zam Wesell
0%

Score Distribution

Percentile by Number Answered

Percent of People with Each Score

Your Score History

You have not taken this quiz since the last reset